Kỹ thuật pha trộn màu và sơn /
Nội dung cuốn sách: Việc pha trộn và sơn của các thợ sơn, việc hoàn thiện khiếu thẫm mỹ trong việc sử dụng màu.
Đã lưu trong:
| Tác giả chính: | |
|---|---|
| Định dạng: | Sách |
| Ngôn ngữ: | Vietnamese |
| Được phát hành: |
Tp.HCM :
Trẻ ,
1997
|
| Phiên bản: | Tái bản lần thứ 2 |
| Những chủ đề: | |
| Các nhãn: |
Thêm thẻ
Không có thẻ, Là người đầu tiên thẻ bản ghi này!
|
| Thư viện lưu trữ: | Thư viện Trường CĐ Kỹ Thuật Cao Thắng |
|---|
| LEADER | 00786nam a2200205 a 4500 | ||
|---|---|---|---|
| 001 | TVCDKTCT5010 | ||
| 003 | Thư viện trường Cao đẳng Kỹ thuật Cao Thắng | ||
| 005 | 20060425000000 | ||
| 008 | 060425 | ||
| 980 | \ | \ | |a Thư viện Trường CĐ Kỹ Thuật Cao Thắng |
| 024 | |a RG_1 #1 eb0 i1 | ||
| 041 | 0 | # | |a vie |
| 082 | # | # | |a 667.6 / |b NG419TH-k |
| 100 | 1 | # | |a Ngọc Thạch |
| 245 | 0 | 0 | |a Kỹ thuật pha trộn màu và sơn / |c Ngọc Thạch |
| 250 | # | # | |a Tái bản lần thứ 2 |
| 260 | # | # | |a Tp.HCM : |b Trẻ , |c 1997 |
| 300 | # | # | |a 222tr. ; |c 27cm |
| 520 | # | # | |a Nội dung cuốn sách: Việc pha trộn và sơn của các thợ sơn, việc hoàn thiện khiếu thẫm mỹ trong việc sử dụng màu. |
| 650 | # | 4 | |a Sơn |